| 000 | 02168cam a22005174i 4500 | ||
|---|---|---|---|
| 003 | PE-LiUPU | ||
| 005 | 20250731165448.0 | ||
| 008 | 150623s r 000 0 d | ||
| 035 | _a(Sirsi) a20339 | ||
| 035 | _a(Sirsi) a20339 | ||
| 040 |
_aPE-LiUPU _bspa _cPE-LiUPU _erda |
||
| 082 | 0 | 4 |
_a270.9003d _bW92 _221 |
| 245 | 0 | 4 |
_aThe Westminster dictionary of church history / _cEditor: Jerald C. Brauer. Editores Asociados: Brian Gerrish [y otros]. |
| 264 | 1 |
_aPhiladelphia, Pennsylvania : _bThe westminster press, _c1971. |
|
| 300 |
_a887 páginas ; _c24 cm. |
||
| 336 |
_atext _2rdacontent |
||
| 337 |
_aunmediated _2rdamedia |
||
| 338 |
_avolume _2rdacarrier |
||
| 505 | 0 | _aDictionary of church history from A-Z. | |
| 526 | _aSEG44 | ||
| 526 | _aSEG26 | ||
| 526 | _aP151 | ||
| 526 | _aP150 | ||
| 526 | _aP149 | ||
| 526 | _aP146 | ||
| 526 | _aP145 | ||
| 526 | _aP126 | ||
| 526 | _aP125 | ||
| 526 | _aP92 | ||
| 526 | _aP75 | ||
| 526 | _aP74 | ||
| 526 | _aP27 | ||
| 526 | _aP15 | ||
| 650 | 0 | 4 |
_aHistoria de la Iglesia _vDiccionarios. |
| 700 | 1 |
_aBrauer, Jerald C., _eed. |
|
| 700 | 1 |
_aGerrish, B. A.1931-, _eed. |
|
| 942 |
_2ddc _cBOOK |
||
| 949 |
_aRC 270.9003D W92 _wDEWEY _c1 _i41408 _lRC _mBUL _r0 _sY _tBOOK _u2015-6-24 _xTEOLOGIA _PP35 _0COMPRA _o.CIRCNOTE. No olvidar cambiar la fecha de devolución!!!!!!! _o.STAFF. Colección General |
||
| 949 |
_aRC 270.9003D W92 _wDEWEY _c2 _i43816 _lRC _mBUL _r0 _sY _tBOOK _u2015-6-24 _xTEOLOGIA _PP35 _0COMPRA _o.CIRCNOTE. No olvidar cambiar la fecha de devolución!!!!!!! _o.STAFF. Colección General |
||
| 994 |
_aC0 _bPEPRU |
||
| 596 | _a1 | ||
| 999 |
_aRC 270.9003D W92 _wDEWEY _c20219 _i41408 _d20219 _e2017-4-11 _f2021-11-8 _g6 _lCCODEBUL1 _mBUL _n2 _q1 _r1 _sY _tBOOK _u2015-6-24 _xTEOLOGIA _PP35 _0COMPRA _o.CIRCNOTE. No olvidar cambiar la fecha de devolución!!!!!!! _o.STAFF. Colección General |
||
| 999 |
_aRC 270.9003D W92 _wDEWEY _c2 _i43816 _d2019-6-18 _e2017-3-30 _f2021-11-8 _g6 _lCCODEBUL1 _mBUL _n1 _q1 _r1 _sY _tBOOK _u2015-6-24 _xTEOLOGIA _PP35 _0COMPRA _o.CIRCNOTE. No olvidar cambiar la fecha de devolución!!!!!!! _o.STAFF. Colección General |
||
| 980 |
_81 _gALBERTO SANCHEZ Responsable de Automatización |
||